000 00866nas a2200289 4500
001 BR9201291
003 BR-BrBNA
005 20231205092400.0
007 ta
008 230509b bl.|||p| |||| 00| 00por d
040 _aBR-BrBNA
_bpor
_cBiblioteca Nacional de Agricultura
041 _a(Pt)
072 _aL74
100 1 _aRamos, A.A.
100 1 _aGuida, H.G.
245 1 _aAglutininas anti-Campylobacter fetus em mucos vaginais de bovinos do estado do Rio de Janeiro
650 _aBOVINO
650 _aABORTO
650 _aVIBRIOSE
650 _aDISTURBIO FISIOLOGICO
650 _aESTERILIDADE ANIMAL
650 _aDEFESA ANIMAL
650 _aRIO DE JANEIRO
773 0 _tRevista Brasileira de Reproducao Animal (Brazil)
_xISSN 0102-0803
_g(1978), v. 2(3) p. 7-15
_wBR9201291
909 _a202311
_bLúcia
_c55
_dLúcia Elande
942 _2AGRIS
_n0
_cANA
999 _c131316
_d131316